000 00725nam a22002057a 4500
003 OSt
005 20251105055347.0
008 251105b |||||||| |||| 00| 0 eng d
020 _a978-621-427-064-4
040 _aDWCL-Main lib
_cOC
082 _2second edition
_aFil. 658.3 H918t 2020
100 _aPereta, Pedrito R.
245 _aHuman Resource Management/
_cPedrito R. Pereta
250 _asecond edition
260 _aManila, Philippines :
_bUnlimited books library services & publishing ,
_cc2020.
300 _axiv, 288 pages :
_billustrations ;
_c25cm.
504 _aIncludes bibliographical references and glossary
650 _a1. Personnel management
942 _2ddc
_cBK - FIL
_esecond edition
_kFil.
_n0
999 _c5487
_d5487